00575 a2200193 4500003000500000005001700005040000900022082001600031100002000047245005700067260004400124300000800168538002900176600002000205650001800225942001200243999001900255952010700274Nust20170207153420.0 cNust a355.3095491 aCloughley Brian aA History of the Pakistan Army war and Insurrections aPakistanbOxford university pressc2000 a435 aAlmirah No.53 Shelf No.6 aBrian Cloughley aPakistan Army 2ddccBK c185692d185692 00102ddc40708NFICaMCSbMCSd2016-12-12l0o355.3095491 CLOpMCS27832r2016-12-08w2016-12-12yBK